[Event "Challenge"]
[Site "http://www.queenalice.com/game.php?id=845889"]
[Date "2010.10.14"]
[Round "-"]
[White "jdcsf"]
[Black "connysean"]
[Result "1/2-1/2"]
[WhiteElo "1416"]
[BlackElo "1594"]

1. d4 d5 2. Nc3 c6 3. e4 dxe4 4. Nxe4 Bf5 5. Ng3 Bg6 6. Be3 Nf6 7. Bd3 Bxd3 8.
Qxd3 e6 9. Nf3 Nbd7 10. O-O Bd6 11. Ne4 Nxe4 12. Qxe4 Nf6 13. Qd3 O-O 14. Rfe1
Rc8 15. c3 c5 16. h3 Qc7 17. Re2 Rfd8 18. Bg5 Be7 19. Rae1 cxd4 20. Nxd4 Rd5 21.
Bh4 a6 22. Bg3 Qc4 23. Qb1 Bc5 24. Be5 Nd7 25. Re3 Nxe5 26. Rxe5 Rxe5 27. Rxe5
Bxd4 28. cxd4 Qxd4 29. Re1 g6 30. b4 b5 31. a3 Qc4 32. Rd1 Qc6 1/2-1/2

[Event "Challenge"]
[Site "http://www.queenalice.com/game.php?id=856013"]
[Date "2010.11.7"]
[Round "-"]
[White "maickell"]
[Black "connysean"]
[Result "0-1"]
[WhiteElo "1972"]
[BlackElo "1739"]

1. e4 c5 2. Qf3 Nc6 3. Bc4 Ne5 4. Qc3 Nxc4 5. Qxc4 e6 6. Qc3 Nf6 7. d3 Be7 8.
Nf3 b6 9. O-O Bb7 10. Na3 O-O 11. e5 Nd5 12. Qd2 d6 13. Qe2 dxe5 14. Nxe5 Bf6
15. Ng4 Be7 16. Ne5 a6 17. Bd2 Qc7 18. Rfe1 Rad8 19. Nac4 Bf6 20. a4 Rfe8 21. c3
Ba8 22. h3 Qb7 23. Nf3 Rd7 24. Ra3 Red8 25. Rb3 b5 26. axb5 axb5 27. Nce5 Bxe5
28. Qxe5 Qc6 29. d4 c4 30. Ra3 Ne7 31. Ra5 Rd5 32. Qg3 Nf5 33. Qg4 Bb7 34. Raa1
Bc8 35. Ne5 Qb6 36. Bg5 Rf8 37. Ra8 Bb7 38. Rxf8+ Kxf8 39. Qh5 Rxe5 40. dxe5 Qc6
41. Qg4 h5 42. Qf3 Qxf3 43. gxf3 Bxf3 44. Ra1 Bc6 45. Ra6 Be8 46. Ra8 Ne7 47.
Be3 f6 48. Bc5 fxe5 0-1

[Event "Challenge"]
[Site "http://www.queenalice.com/game.php?id=862594"]
[Date "2010.11.22"]
[Round "-"]
[White "Admilton"]
[Black "connysean"]
[Result "0-1"]
[WhiteElo "1467"]
[BlackElo "1555"]

1. d4 Nf6 2. Nc3 d5 3. e3 Bf5 4. h3 e6 5. Bd3 Bxd3 6. Qxd3 c6 7. Nf3 Nbd7 8. e4
dxe4 9. Nxe4 Nxe4 10. Qxe4 Nf6 11. a3 Nxe4 12. Be3 Qa5+ 13. b4 Qa4 14. Ra2 Bxb4+
15. Bd2 Bxd2+ 16. Kf1 Qc4+ 17. Kg1 Qxa2 18. Kh2 Bf4+ 19. g3 Qxc2 20. Rf1 Be3 21.
h4 Bxf2 22. Kh3 Nxg3 23. a4 Qf5+ 24. Kg2 Ne4 25. a5 Qg4+ 0-1

[Event "Challenge"]
[Site "http://www.queenalice.com/game.php?id=863198"]
[Date "2010.11.24"]
[Round "-"]
[White "Jhones"]
[Black "connysean"]
[Result "0-1"]
[WhiteElo "1459"]
[BlackElo "1700"]

1. e4 d5 2. d3 dxe4 3. dxe4 Qxd1+ 4. Kxd1 e5 5. Bd3 Be6 6. Nf3 Bd6 7. Re1 Nc6 8.
Be3 Nf6 9. c4 Nb4 10. Kd2 Nd7 11. Rc1 Nxd3 12. Kxd3 c5 13. Nbd2 h6 14. Rd1 O-O
15. Rab1 Rfd8 16. a3 a5 17. Ke2 Nb6 18. b3 f5 19. g3 Bc7 20. Bxc5 fxe4 21. Nxe4
Bf5 22. Ke3 Nd7 23. b4 axb4 24. axb4 Ra3+ 25. Rd3 Rxd3+ 26. Kxd3 Nxc5+ 27. Ke3
Nxe4 28. Rc1 Nf6 29. Ne1 Ng4+ 30. Kf3 Nxh2+ 31. Ke3 Rd4 32. f4 Re4+ 33. Kd3
Rxe1+ 34. Kd2 Nf3+ 35. Kc3 Rxc1+ 36. Kb3 e4 37. Kb2 Rxc4 38. Kb3 Nd2+ 39. Ka4
Bd7+ 40. Ka3 e3 0-1

[Event "Challenge"]
[Site "http://www.queenalice.com/game.php?id=864805"]
[Date "2010.11.28"]
[Round "-"]
[White "lgraham"]
[Black "connysean"]
[Result "1/2-1/2"]
[WhiteElo "1382"]
[BlackElo "1720"]

1. d4 Nf6 2. Nc3 e5 3. e4 exd4 4. Qxd4 Nc6 5. Qa4 Bc5 6. Bg5 d6 7. Nd5 Bd7 8.
Nf3 Nd4 9. Qc4 Nxf3+ 10. gxf3 Be6 11. Bxf6 gxf6 12. Qb5+ Bd7 13. Qxb7 Rb8 14.
Qa6 Rxb2 15. Bd3 Rg8 16. Qa5 Bxf2+ 17. Kxf2 Rb7 18. Qc3 Rg6 19. e5 fxe5 20. Bxg6
hxg6 21. Rab1 Qh4+ 22. Ke3 Qg5+ 23. Kf2 Qh4+ 24. Ke3 Qg5+ 25. Kf2 Qh4+ 1/2-1/2

[Event "Challenge"]
[Site "http://www.queenalice.com/game.php?id=866773"]
[Date "2010.12.2"]
[Round "-"]
[White "connysean"]
[Black "JORDAN23"]
[Result "1-0"]
[WhiteElo "1709"]
[BlackElo "1501"]

1. Nf3 d6 2. d4 d5 3. e3 e6 4. Bd3 Bd7 5. Nbd2 Bb4 6. c3 Be7 7. O-O Bc6 8. Re1
Nf6 9. e4 O-O 10. e5 Ng4 11. Nf1 Bg5 12. Bxg5 Qd7 13. Bf4 Bb5 14. Bxh7+ Kxh7 15.
Ng5+ Kg8 16. Qxg4 Qe7 17. Qh5 Qxg5 18. Qxg5 Bxf1 19. Kxf1 Nd7 20. Re3 Nxe5 21.
Qxe5 Rac8 22. Rg3 f6 23. Qh5 1-0

[Event "Let's Play Chess!"]
[Site "http://www.queenalice.com/game.php?id=867123"]
[Date "2010.12.3"]
[Round "-"]
[White "connysean"]
[Black "Pinehill"]
[Result "1-0"]
[WhiteElo "1574"]
[BlackElo "1915"]

1. d4 Nf6 2. c4 g6 3. Nc3 Bg7 4. e4 d6 5. Nf3 Bg4 6. Be2 Nbd7 7. h3 Bxf3 8. Bxf3
c6 9. Be3 O-O 10. Qd2 Qc7 11. O-O e5 12. d5 Rac8 13. Rac1 cxd5 14. cxd5 Qa5 15.
Be2 a6 16. f4 exf4 17. Bxf4 Rfe8 18. Bf3 Nc5 19. Rfe1 Rcd8 20. Kh1 b5 21. e5
dxe5 22. Rxe5 Rxe5 23. Bxe5 Rxd5 24. Bxd5 Na4 25. Bxf6 Bxf6 26. Qf4 Kg7 27. Rf1
Qd8 28. Ne4 Qxd5 29. Qxf6+ Kh6 30. Rf4 1-0

[Event "Challenge"]
[Site "http://www.queenalice.com/game.php?id=867364"]
[Date "2010.12.4"]
[Round "-"]
[White "Admilton"]
[Black "connysean"]
[Result "0-1"]
[WhiteElo "1423"]
[BlackElo "1648"]

1. e3 c6 2. d4 Nf6 3. Bd3 d5 4. h3 Nbd7 5. Nf3 Qc7 6. b3 e5 7. a3 e4 8. Ne5 Nxe5
9. Be2 Ng6 10. c4 Be6 11. c5 b6 12. cxb6 axb6 13. b4 Bd6 14. Nc3 O-O 15. g3 c5
16. Nb5 Qe7 17. bxc5 bxc5 18. Qb3 Rfb8 19. dxc5 Bxc5 20. f4 d4 21. Bc4 Bxc4 22.
Qxc4 dxe3 23. a4 Rc8 24. Ke2 Bb6 25. Qb3 Rc6 26. Ba3 Qe6 27. Qd1 Qc4+ 28. Ke1
Ba5+ 0-1

[Event "Challenge"]
[Site "http://www.queenalice.com/game.php?id=872355"]
[Date "2010.12.15"]
[Round "-"]
[White "sunking"]
[Black "connysean"]
[Result "0-1"]
[WhiteElo "1632"]
[BlackElo "1704"]

1. e3 d5 2. d4 Nf6 3. Bb5+ Bd7 4. Nc3 Bxb5 5. Nxb5 c6 6. Nc3 e6 7. Nf3 Bd6 8.
O-O Qc7 9. Qe1 Nbd7 10. h3 O-O 11. Ng5 h6 12. Nf3 e5 13. dxe5 Nxe5 14. e4 Nxf3+
15. gxf3 Rfe8 16. Be3 dxe4 17. f4 Bxf4 18. Bxf4 Qxf4 19. Qe3 Qc7 20. Rad1 a6 21.
f4 Rad8 22. Rf2 Rxd1+ 23. Nxd1 Nd5 24. Qd4 Nxf4 25. Ne3 Nxh3+ 26. Kf1 Nxf2 27.
Kxf2 Qh2+ 28. Ke1 Qh4+ 29. Kd2 Rd8 30. Qxd8+ Qxd8+ 31. Kc1 Qd4 32. Nd1 e3 33. b3
Qa1# 0-1

[Event "Challenge"]
[Site "http://www.queenalice.com/game.php?id=880783"]
[Date "2011.1.3"]
[Round "-"]
[White "Andrei_78"]
[Black "connysean"]
[Result "0-1"]
[WhiteElo "1635"]
[BlackElo "1729"]

1. e4 e5 2. Nf3 Nc6 3. a3 Nf6 4. d3 d5 5. exd5 Nxd5 6. Bg5 f6 7. Bh4 Bd6 8. c4
Nf4 9. Bg3 Ng6 10. Be2 Be6 11. O-O O-O 12. Nc3 f5 13. Ng5 Qxg5 14. h3 f4 15. Qd2
h6 16. Bh2 Bxh3 17. Bf3 Nh4 18. Ne4 Nxf3+ 19. Kh1 Qxg2# 0-1

[Event "Challenge"]
[Site "http://www.queenalice.com/game.php?id=881935"]
[Date "2011.1.6"]
[Round "-"]
[White "tucuman"]
[Black "connysean"]
[Result "0-1"]
[WhiteElo "1601"]
[BlackElo "1719"]

1. e4 d5 2. e5 Bf5 3. d4 e6 4. a3 a6 5. h3 c5 6. c3 Nc6 7. Nf3 Qb6 8. b3 cxd4 9.
cxd4 h6 10. Be2 Nge7 11. O-O Bh7 12. Nc3 Nf5 13. Bd2 Nfxd4 14. Nxd4 Nxd4 15. Re1
Nc2 16. b4 Nxa1 17. Qxa1 Rc8 18. Be3 Qd8 19. Bd2 Be7 20. Bg4 Bg6 21. Ne2 Rc2 22.
Rd1 O-O 23. Nd4 Qb8 24. Nxc2 Bxc2 25. Re1 Rc8 26. Qd4 Rc4 27. Qe3 Bg5 28. Qe2
Re4 29. Qf3 Bxd2 30. Rxe4 Bxe4 31. Qe2 Bf4 32. a4 Bxe5 33. f3 Qa7+ 34. Kh1 f5
35. fxe4 fxg4 36. Qxg4 Qb6 37. exd5 Kf7 38. dxe6+ Qxe6 39. Qf3+ Kg6 40. Qxb7 Qf5
41. Qxa6+ Kh7 42. b5 Qf1# 0-1

[Event "Let's Play Chess!"]
[Site "http://www.queenalice.com/game.php?id=882377"]
[Date "2011.1.7"]
[Round "-"]
[White "connysean"]
[Black "elche"]
[Result "1-0"]
[WhiteElo "1664"]
[BlackElo "1742"]

1. d4 Nf6 2. c4 e6 3. Nc3 c6 4. Nf3 d6 5. e4 Be7 6. Bd3 O-O 7. Bg5 h6 8. Bf4 Nh7
9. Qc2 Bg5 10. Nxg5 Nxg5 11. h4 Nh7 12. e5 f5 13. exd6 b5 14. cxb5 Bd7 15. Bc4
cxb5 16. Bxb5 a6 17. Bxd7 Qxd7 18. Na4 Rc8 19. Nc5 Qc6 20. f3 Nd7 21. Rc1 Nxc5
22. dxc5 Qd5 23. c6 1-0

[Event "Nice to meet you"]
[Site "http://www.queenalice.com/game.php?id=883036"]
[Date "2011.1.8"]
[Round "-"]
[White "connysean"]
[Black "iliov2008"]
[Result "0-1"]
[WhiteElo "1754"]
[BlackElo "1598"]

1. d4 e6 2. Nf3 Nc6 3. e3 Nf6 4. c3 Ne4 5. Bd3 f5 6. Nbd2 Nxd2 7. Bxd2 b6 8. O-O
d5 9. Qa4 Bd7 10. Bb5 a6 11. Bxc6 Bxc6 12. Qxc6+ Ke7 13. Ng5 Kf6 14. Nxe6 Qc8
15. Nxf8+ Kf7 0-1

[Event "Challenge"]
[Site "http://www.queenalice.com/game.php?id=883203"]
[Date "2011.1.8"]
[Round "-"]
[White "connysean"]
[Black "Vivianna"]
[Result "1-0"]
[WhiteElo "1751"]
[BlackElo "1403"]

1. d4 Nf6 2. Nf3 e6 3. e3 d5 4. Bd3 Bd6 5. Nbd2 O-O 6. c3 Nc6 7. e4 e5 8. dxe5
Bxe5 9. O-O Qd6 10. exd5 Ng4 11. Nc4 Qxd5 12. Bxh7+ Kxh7 13. Qxd5 Be6 14. Qe4+
Kh8 15. Ncxe5 Nf6 16. Qh4+ Nh7 17. Ng5 Nxe5 18. Qxh7# 1-0

[Event "Challenge"]
[Site "http://www.queenalice.com/game.php?id=888866"]
[Date "2011.1.20"]
[Round "-"]
[White "thiagobrumchess"]
[Black "connysean"]
[Result "0-1"]
[WhiteElo "1726"]
[BlackElo "1768"]

1. e4 d5 2. exd5 Nf6 3. c4 c6 4. dxc6 Nxc6 5. Nf3 Bf5 6. Be2 e5 7. d3 Bc5 8. O-O
O-O 9. Nc3 Re8 10. Bg5 Nb4 11. a3 Nxd3 12. Bxd3 Bxd3 13. Re1 Bxc4 14. Nxe5 Be6
15. Ne4 Be7 16. Nxf6+ gxf6 17. Bxf6 Bxf6 18. Qf3 Qb6 19. Qg3+ Bg7 20. b4 Kh8 21.
Rac1 Rac8 22. Ng4 Bd4 23. Nf6 Bxf6 24. h3 Rg8 25. Qd3 Bd4 26. Qe2 Bxh3 27. g3
Rxg3+ 28. Kh2 Rgc3 29. Rcd1 Qd6+ 30. Kh1 Qd5+ 31. f3 Rxf3 32. Kh2 Qd6+ 33. Kh1
Bg4 34. Qh2 Qxh2+ 35. Kxh2 Rc2+ 36. Kh1 Rh3# 0-1

[Event "Challenge"]
[Site "http://www.queenalice.com/game.php?id=892765"]
[Date "2011.1.29"]
[Round "-"]
[White "Misterbean"]
[Black "connysean"]
[Result "1/2-1/2"]
[WhiteElo "2064"]
[BlackElo "1803"]

1. d4 d5 2. c4 dxc4 3. Nc3 Bf5 4. Bg5 c6 5. e4 Bg6 6. Bxc4 Qa5 7. e5 e6 8. Ne2
Ne7 9. O-O h6 10. Bd2 Qc7 11. Rc1 a6 12. Nf4 Nd7 13. Bd3 Bxd3 14. Nxd3 Nf5 15.
Ne2 Be7 16. Re1 Rd8 17. Bc3 O-O 18. Bb4 Bxb4 19. Nxb4 Nxe5 20. Rc5 Ng6 21. g4
Nfh4 22. Qd3 Qd6 23. a3 Qxc5 24. dxc5 Rxd3 25. Nxd3 Nf3+ 26. Kf1 Nxe1 27. Kxe1
Rd8 28. Nec1 Rd4 29. f3 Kf8 30. b4 Ke7 31. Kd2 e5 32. Nb3 Nf4 33. Nxd4 Nxd3 34.
Kxd3 exd4 35. Kxd4 Kf6 36. h4 g5 37. h5 Ke6 38. Ke4 Kf6 39. Kd4 Ke6 40. Ke4 Kf6
1/2-1/2

[Event "Challenge"]
[Site "http://www.queenalice.com/game.php?id=896031"]
[Date "2011.2.4"]
[Round "-"]
[White "ymfrancois"]
[Black "connysean"]
[Result "0-1"]
[WhiteElo "1857"]
[BlackElo "1784"]

1. d4 Nf6 2. c4 e5 3. dxe5 Ng4 4. Qd4 d6 5. exd6 Be6 6. Nf3 Nc6 7. Qd1 Bxd6 8.
e3 Bb4+ 9. Bd2 Bxd2+ 10. Nbxd2 O-O 11. Be2 Nf6 12. O-O Qe7 13. Qb3 Rab8 14. Qc3
Bg4 15. Qc2 h6 16. a3 a5 17. Bd3 Ne5 18. h3 Nxf3+ 19. Nxf3 Bxf3 20. gxf3 Nd7 21.
f4 Nc5 22. Be2 Rbd8 23. Rab1 Ne4 24. Bd3 Rfe8 25. Bxe4 Qxe4 26. Qe2 Qxf4 27. Qg4
Qxg4+ 28. hxg4 Re4 29. f3 Rxe3 30. Kg2 Rd2+ 31. Kg3 Rb3 32. Rfd1 Rxd1 33. Rxd1
Kf8 34. Rb1 c6 35. Kf4 Ke7 36. Ke4 Ke6 37. c5 f6 38. f4 Rg3 39. f5+ Ke7 0-1

[Event "BuonaPartita"]
[Site "http://www.queenalice.com/game.php?id=938460"]
[Date "2011.5.15"]
[Round "-"]
[White "connysean"]
[Black "voto39"]
[Result "0-1"]
[WhiteElo "1814"]
[BlackElo "1869"]

1. e4 c5 2. c3 d5 3. exd5 Qxd5 4. d4 Nc6 5. Nf3 Bg4 6. Be2 cxd4 7. cxd4 e6 8.
Nc3 Qa5 9. a3 Nf6 10. O-O Be7 11. Be3 O-O 12. b4 Qd8 13. Rc1 Rc8 14. Re1 a6 15.
Qd2 Nd5 16. Nxd5 Qxd5 17. h3 Bh5 18. Bc4 Qd7 19. g4 Bg6 20. d5 exd5 21. Bxd5 Bf6
22. Bxc6 Qxd2 23. Bxd2 Rxc6 0-1

[Event "Challenge"]
[Site "http://www.queenalice.com/game.php?id=1041269"]
[Date "2012.3.21"]
[Round "-"]
[White "connysean"]
[Black "o3bor52"]
[Result "0-1"]
[WhiteElo "1814"]
[BlackElo "1944"]

1. d4 g6 2. e4 Bg7 3. Nf3 d6 4. c4 e6 5. Nc3 Ne7 6. Be2 b6 7. Be3 Bb7 8. Qd2 Nd7
9. Bh6 Bxh6 10. Qxh6 Nf8 11. O-O a6 12. Qg7 Rg8 13. Qh6 Qd7 14. Ng5 f6 15. Nxh7
Nxh7 16. Qxh7 O-O-O 17. Qh3 Rh8 18. Qe3 f5 19. Bf3 Rh7 20. exf5 Nxf5 21. Bxb7+
Kxb7 22. Qe4+ d5 23. cxd5 exd5 24. Qd3 Rdh8 25. h3 g5 26. Qf3 Ne7 27. Rfe1 g4
28. Rxe7 Qxe7 29. Qxg4 Rg8 30. Qf3 c6 31. Nxd5 Qf7 32. Qxf7+ Rxf7 33. Ne3 Rh7
34. Kf1 Rg5 35. Re1 Rd7 36. Rd1 Ra5 37. a3 Rg5 38. h4 Rh5 39. g3 a5 40. Kg2 Rf7
41. Rd2 a4 42. Kh3 Rfh7 43. Ng2 Rb5 44. Nf4 Rb3 0-1